ՀՀ Գիտությունների ազգային ակադեմիայի հիմնարար գիտական գրադարան  =   Fundamental Scientific Library of NAS RA

Атлас СССР : (Record no. 433711)

MARC details
000 -LEADER
fixed length control field 00951nam a2200205 a 4500
003 - CONTROL NUMBER IDENTIFIER
control field AM-YeHGA
040 ## - CATALOGING SOURCE
Original cataloging agency AM-YeHGA
090 ## - LOCALLY ASSIGNED LC-TYPE CALL NUMBER (OCLC); LOCAL CALL NUMBER (RLIN)
-- 436334
005 - DATE AND TIME OF LATEST TRANSACTION
control field 20250617155519.0
008 - FIXED-LENGTH DATA ELEMENTS--GENERAL INFORMATION
fixed length control field 181030s1962 ru b|||gr|||| 000|0 rus||
041 0# - LANGUAGE CODE
Language code of text/sound track or separate title rus
245 00 - TITLE STATEMENT
Title Атлас СССР :
Remainder of title Карты /
Statement of responsibility, etc. Разработан, сост., оформ. и подгот. к печати Науч.-ред. картосост. частью (НРКЧ) ГУГК; редкол.: А. Н. Баранов [и др.]; отв. ред. С. Н. Теплова.
260 ## - PUBLICATION, DISTRIBUTION, ETC.
Place of publication, distribution, etc. Москва :
Name of publisher, distributor, etc. ГУГК,
Date of publication, distribution, etc. 1962.
300 ## - PHYSICAL DESCRIPTION
Extent 1 атл. (185 с.) :
Other physical details цв., карты, указ. ;
Dimensions 39×29 см.
500 ## - GENERAL NOTE
General note [М-бы разные]
650 14 - SUBJECT ADDED ENTRY--TOPICAL TERM
Topical term or geographic name entry element Картографические произведения
General subdivision Комплексные атласы
Geographic subdivision СССР
700 1# - ADDED ENTRY--PERSONAL NAME
Personal name Теплова, С. Н.
Relator term ред.
Relationship edt
700 1# - ADDED ENTRY--PERSONAL NAME
Personal name Баранов, А. Н.
Relator term ред.
Relationship edt
942 ## - ADDED ENTRY ELEMENTS (KOHA)
Source of classification or shelving scheme Universal Decimal Classification
Koha item type Գրքեր / Books
Holdings
Withdrawn status Lost status Damaged status Not for loan Collection Home library Current library Date acquired Total checkouts Full call number Barcode Date last seen Price effective from Koha item type Public note
        General Fundamental Scientific Library Fundamental Scientific Library 09/07/2019   РIV/201 FL0593151 09/07/2019 09/07/2019 Գրքեր / Books 30 Days Loan


ՀՀ ԳԱԱ հիմնարար գիտական գրադարան
ՀՀ,Երևան 0019
Մարշալ Բաղրամյան 24/6
հեռախոս:(374-10) 52-47-50
Հետադարձ կապ

All site content, except where otherwise noted, is licensed under a
Creative Commons License